Responses for Show #5764 - Thursday, October 8, 2009

Terry Linwood game 1.

Contestants

[<< previous game]

Terry Linwood, a bookseller from Plano, Texas

Genevieve Sheehan, a private equity professional from Boston, Massachusetts

Noam Osband, a Ph.D. student in anthropology from Philadelphia, Pennsylvania (whose 1-day cash winnings total $25,799)

[next game >>]

Jeopardy! Round responses

WHAT'S THE POINT?
SURFIN' SAFARI
WE'VE GOT YOUR NUMBER
HISTORIC FIGURES SPEAK
PARTS OF A SHIP
ENDS WITH THE SAME 2 LETTERS
    $200 6
New Orleans

Terry
    $200 8
(Genevieve: What is balsam?)

balsa

Genevieve
Triple Stumper
    $200 18
48

Terry
    $200 1
Marco Polo

Genevieve
    $200 26
a deck

Noam
    $200 13
egg

Genevieve
    $400 7
(Noam: What is Lake Michigan?)
(Genevieve: What is Superior?)
...
(Alex: Remember, southernmost point, so it's [*]. The others are too far north.)

Lake Erie

NoamGenevieve
Triple Stumper
    $400 9
a wetsuit

Genevieve
    $400 19
16

Genevieve
    $400 2
Evita Perón

Terry
    $400 27
bow

Terry
    $400 14
Pompeii

Genevieve
    $600 23
Mount Rainier

Noam
    $600 10
hang ten

Genevieve
    $600 20
13

Terry
    $600 3
John D. Rockefeller

Terry
    $600 28
stern

Genevieve
    $600 15
ebb

Genevieve
    $800 24
Jamaica

Genevieve
    $800 11
Summer

Genevieve
    $800 21
17

Triple Stumper
    $800 4
de Gaulle

Noam
    $800 29
keel

Noam
    $800 16
(Noam: What is the see?)

pontiff

NoamGenevieve
    $3,600 25
(Genevieve: What is... Point... Ann?)

Point Barrow (Alaska)

Genevieve
    $1000 12
a bluefin tuna

Triple Stumper
    $1000 22
95

Triple Stumper
    $1000 5
Trotsky

Noam
    $1000 30
port

Noam
    $1000 17
(Genevieve: What is the hajji?)

hajj

NoamGenevieve

Scores at the first commercial break (after clue 15):

Noam Genevieve Terry
$1,400 $2,600 $1,200

Scores at the end of the Jeopardy! Round:

Noam Genevieve Terry
$4,200 $600 $2,400

Double Jeopardy! Round responses

LITERARY SEQUELS
2008 BLOCKBUSTER MOVIES
DUTCH & FLEMISH PAINTERS
MYTHING VOWELS
"FRAN"S
LIST
    $400 1
(Noam: What is Sense and Sensibility?)

Pride and Prejudice

NoamGenevieve
    $400 21
Mamma Mia!

Noam
    $400 26
Van Gogh

Terry
    $400 16
Minerva

Genevieve
    $400 11
Francisco

Terry
    $400 6
threatened

Genevieve
    $800 2
Jurassic Park

Noam
    $800 22
Get Smart

Terry
    $3,000 27
Rembrandt

Terry
    $800 17
Quetzalcoatl

Terry
    $800 12
frantic

Genevieve
    $800 7
the A-list

Triple Stumper
    $1200 3
Catch-22

Noam
    $1200 23
Quantum of Solace

Noam
    $1200 28
Van Dyck

Terry
    $1200 18
Loki

Terry
    $1200 13
francophile

Genevieve
    $1200 8
joust

Terry
    $3,000 4
(Noam: What is Treasure Island?)

Kidnapped

Noam
    $1600 24
Twilight

Noam
    $1600 29
Peter Paul Rubens

Triple Stumper
    $1600 19
Osiris

Terry
    $1600 14
Franny and Zooey

Genevieve
    $1600 9
[ERRATUM: Pouilly-Fuissé was misspelled in the clue as displayed.]

the wine list

Triple Stumper
    $2000 5
(Alex: Rich man, poor man, [*].)

Beggarman, Thief

Triple Stumper
    $2000 25
Tropic Thunder

Noam
    $2000 30
(Piet) Mondrian

Noam
    $2000 20
Aeolus

Terry
    $2000 15
the Franciscans

Genevieve
    $2000 10
disabled list

Noam

Scores at the end of the Double Jeopardy! Round:

Noam Genevieve Terry
$12,000 $7,400 $15,000

[wagering suggestions for these scores]

Final Jeopardy! Round responses

ASTRONOMY
(Alex: Yes, astra.)
GenevieveWhat is "Asteroid"?
$1,400
NoamWhat are meteors?
$3,001
TerryWhat is asteroid?
$9,001
asteroid

Final scores:

Noam Genevieve Terry
$8,999 $8,800 $24,001
2nd place: $2,000 3rd place: $1,000 New champion: $24,001

Game dynamics:

Coryat scores:

Noam Genevieve Terry
$15,000 $11,000 $12,800
15 R,
4 W
(including 1 DD)
18 R,
4 W
(including 1 DD)
16 R
(including 1 DD),
0 W

Combined Coryat: $38,800

[game clues] [game scores] [suggest correction]

Game tape date: 2009-08-11
The J! Archive is created by fans, for fans. Scraping, republication, monetization, and malicious use prohibited; this site may use cookies and collect identifying information. See terms. The Jeopardy! game show and all elements thereof, including but not limited to copyright and trademark thereto, are the property of Jeopardy Productions, Inc. and are protected under law. This website is not affiliated with, sponsored by, or operated by Jeopardy Productions, Inc. Join the discussion at JBoard.tv.